Places Visited by Google's Santa Tracker on a Map - Statistics

General Stats
  • This quiz has been taken 107 times
  • The average score is 119 of 418
Answers on the Map
Answers color-coded by a green-red scale on the quiz's map according to % correct below.
 
Answer Stats
Country Location % Correct
United Kingdom London
69%
France Paris
66%
Ireland Dublin
65%
United States New York
64%
Spain Barcelona
62%
United States Los Angeles
62%
Germany Berlin
61%
Spain Madrid
61%
Russia Moscow
61%
Italy Rome
61%
United Kingdom Edinburgh
58%
Australia Sydney
58%
Canada Toronto
58%
United States San Francisco
57%
Japan Tokyo
57%
Sierra Leone Bo
56%
Portugal Lisbon
56%
Sweden Stockholm
56%
Mexico Mexico City
55%
Russia Saint Petersburg
55%
United States Seattle
55%
Canada Vancouver
55%
United States Dallas
53%
United States Detroit
53%
Turkey Istanbul
53%
Australia Melbourne
53%
Brazil Rio de Janeiro
53%
United States San Diego
53%
United States Boston
52%
United States Chicago
52%
Finland Helsinki
52%
United States Las Vegas
52%
United States New Orleans
52%
Czech Republic Prague
52%
South Korea Seoul
52%
Argentina Buenos Aires
51%
Denmark Copenhagen
51%
Indonesia Jakarta
51%
Israel Jerusalem
51%
Luxembourg Luxembourg City
51%
Canada Ottawa
51%
Singapore Singapore
51%
United States Washington
51%
Netherlands Amsterdam
49%
United States Anchorage
49%
China Beijing
49%
Romania Bucharest
49%
Australia Canberra
49%
Bangladesh Dhaka
49%
Peru Lima
49%
United Kingdom Liverpool
49%
India Mumbai
49%
New Zealand Wellington
49%
New Zealand Auckland
48%
Iraq Baghdad
48%
United Kingdom Belfast
48%
Canada Calgary
48%
South Africa Cape Town
48%
Canada Edmonton
48%
Germany Hamburg
48%
Afghanistan Kabul
48%
Philippines Manila
48%
India New Delhi
48%
Australia Perth
48%
United States Phoenix
48%
United States Portland, ME
48%
United States Portland, OR
48%
North Korea Pyongyang
48%
China Shanghai
48%
Iran Tehran
48%
Italy Venice
48%
United Arab Emirates Abu Dhabi
47%
Egypt Alexandria
47%
United States Atlanta
47%
Thailand Bangkok
47%
Syria Damascus
47%
Malaysia Kuala Lumpur
47%
United States Minneapolis
47%
Canada Montreal
47%
Kazakhstan Nur-Sultan
47%
Brazil São Paulo
47%
Bulgaria Sofia
47%
Albania Tirana
47%
Tunisia Tunis
47%
Vatican City Vatican City
47%
Colombia Bogota
45%
South Korea Busan
45%
Qatar Doha
45%
Pakistan Islamabad
45%
South Africa Johannesburg
45%
Pakistan Karachi
45%
United States Manchester
45%
Kenya Nairobi
45%
Latvia Riga
45%
United States Salt Lake City
45%
Azerbaijan Baku
44%
United States Baltimore
44%
Lebanon Beirut
44%
Venezuela Caracas
44%
Vietnam Hanoi
44%
Canada Kingston
44%
Saint Vincent and the Grenadines Kingstown
44%
United States Orlando
44%
Canada Quebec City
44%
Taiwan Taipei
44%
Australia Adelaide
43%
Turkmenistan Ashgabat
43%
Slovakia Bratislava
43%
Australia Brisbane
43%
Australia Darwin
43%
United States Jackson
43%
India Kolkata
43%
Kuwait Kuwait City
43%
Slovenia Ljubljana
43%
Maldives Malé
43%
Uruguay Montevideo
43%
United States Nashville
43%
Cyprus Nicosia
43%
Greenland Nuuk
43%
Ukraine Odessa
43%
Haiti Port-au-Prince
43%
Canada Saint John
43%
Costa Rica San Jose
43%
Georgia Tbilisi
43%
Madagascar Antananarivo
42%
New Zealand Christchurch
42%
United States El Paso
42%
Australia Hobart
42%
United States Indianapolis
42%
Nigeria Lagos
42%
Angola Luanda
42%
Italy Palermo
42%
Papua New Guinea Port Moresby
42%
Canada Winnipeg
42%
Armenia Yerevan
42%
Nigeria Abuja
40%
Ghana Accra
40%
Belgium Antwerp
40%
Serbia Belgrade
40%
Moldova Chișinău
40%
Senegal Dakar
40%
Guyana Georgetown
40%
Japan Kyoto
40%
United States Milwaukee
40%
Montenegro Podgorica
40%
United States Saint Louis
40%
Canada Saskatoon
40%
Spain Seville
40%
Seychelles Victoria
40%
Australia Alice Springs
39%
Spain Bilbao
39%
Kyrgyzstan Bishkek
39%
United States Boise
39%
Vietnam Ho Chi Minh City
39%
Brazil Manaus
39%
United States Raleigh
39%
Dominican Republic Santo Domingo
39%
São Tomé and Príncipe São Tomé
39%
Liechtenstein Vaduz
39%
Myanmar Yangon
39%
United States Columbus
38%
South Sudan Juba
38%
Uganda Kampala
38%
Fiji Suva
38%
France Toulouse
38%
Mongolia Ulaanbaatar
38%
Russia Vladivostok
38%
Mexico Guadalajara
36%
Rwanda Kigali
36%
Mozambique Maputo
36%
Mexico Monterrey
36%
Chad N'Djamena
36%
Suriname Paramaribo
36%
United States San Juan
36%
United States Sioux Falls
36%
Croatia Split
36%
United States Tucson
36%
East Timor Dili
35%
Ecuador Guayaquil
35%
United States Lincoln
35%
Lesotho Maseru
35%
Austria Salzburg
35%
Greece Thessaloniki
35%
Norway Trondheim
35%
United States Tulsa
35%
China Ürümqi
35%
China Xi'an
35%
Eritrea Asmara
34%
Belize Belize City
34%
Guinea-Bissau Bissau
34%
Burundi Bujumbura
34%
Australia Cairns
34%
Tajikistan Dushanbe
34%
Botswana Gaborone
34%
Togo Lomé
34%
United States Louisville
34%
Kenya Mombasa
34%
Bhutan Thimphu
34%
Nauru Yaren
34%
United States Colorado Springs
32%
United States Fargo
32%
United States Montgomery
32%
Kiribati Tarawa
32%
Samoa Apia
31%
Saint Lucia Castries
31%
Tuvalu Funafuti
31%
Eswatini Mbabane
31%
United States New Haven
31%
Germany Nuremberg
31%
Russia Omsk
31%
Mali Timbuktu
31%
Laos Vientiane
31%
Mexico Cabo San Lucas
30%
United States Charleston, SC
30%
United States Charleston, WV
30%
China Chongqing
30%
Argentina Córdoba
30%
Solomon Islands Honiara
30%
Monaco Monte Carlo
30%
Tonga Nuku'alofa
30%
Russia Rostov-on-Don
30%
French Guiana Cayenne
29%
Japan Fukuoka
29%
Poland Katowice
29%
Equatorial Guinea Malabo
29%
Comoros Moroni
29%
Russia Samara
29%
Tanzania Zanzibar
29%
Philippines Cebu
27%
United States Hilo
27%
Dominica Roseau
27%
Indonesia Denpasar
26%
Chile Easter Island
26%
China Lhasa
26%
New Caledonia Noumea
26%
Grenada Saint George's
26%
United Kingdom Swansea
26%
Cameroon Douala
25%
United States Eugene
25%
Canada Iqaluit
25%
Japan Naha
25%
Bosnia and Herzegovina Banja Luka
23%
Canada Charlottetown
23%
Romania Cluj-Napoca
23%
Isle of Man Douglas
23%
Canada Sault Ste. Marie
23%
United States Burlington
22%
Belarus Gomel
22%
Russia Irkutsk
22%
Lithuania Kaunas
22%
Jamaica Montego Bay
22%
Estonia Tartu
22%
United States Wilmington
22%
United States Boulder
21%
United States Redding
21%
Paraguay San Pedro
21%
Oman Sur
21%
Russia Yakutsk
21%
United States Cedar Rapids
19%
Thailand Chiang Mai
19%
Switzerland Lucerne
19%
Republic of the Congo Pointe-Noire
19%
United States Tacoma
19%
Australia Townsville
19%
Japan Yokohama
19%
Iceland Akureyri
18%
United States Elko
18%
Russia Krasnoyarsk
18%
United States Missoula
18%
Nepal Mount Everest
18%
United States Nome
18%
Chile Punta Arenas
18%
Honduras San Pedro Sula
18%
United States Fayetteville
17%
Palau Koror
17%
China Kunming
17%
United States Newport
17%
Russia Petropavlovsk-Kamchatsky
17%
United States Roswell
17%
Réunion Saint-Denis
17%
Northern Mariana Islands Saipan
17%
Niger Agadez
16%
Russia Anadyr
16%
United States Maui
16%
United States Newport News
16%
India Port Blair
16%
Finland Rovaniemi
16%
Cambodia Siem Reap
16%
United States Sitka
16%
Russia Yuzhno-Sakhalinsk
16%
Guam Hagåtña
14%
Papua New Guinea Lae
14%
New Zealand Queenstown
14%
Bolivia Santa Cruz de la Sierra
14%
Australia Albany
13%
Cuba Camagüey
13%
Mexico Durango
13%
China Hohhot
13%
Peru Machu Picchu
13%
Russia Magadan
13%
Japan Mount Fuji
13%
Indonesia Palembang
13%
Australia Wollongong
13%
Brazil Cuiabá
12%
Malta Gozo
12%
United States Laramie
12%
Russia Norilsk
12%
Canada Prince George
12%
Ireland Shannon
12%
United States Yosemite
12%
Marshall Islands Bikini Atoll
10%
China Changsha
10%
Andorra Encamp
10%
Australia Flying Fish Cove
10%
South Georgia and the South Sandwich Islands Grytviken
10%
Canada Labrador City
10%
Mayotte Mamoudzou
10%
Antarctica McMurdo Station
10%
Japan Niigata
10%
Spain Santa Cruz de Tenerife
10%
Yemen Taiz
10%
Federated States of Micronesia Yap
10%
Russia Birobidzhan
9%
British Indian Ocean Territory Diego Garcia
9%
Chile Iquique
9%
Australia Mackay
9%
New Zealand Napier
9%
Nepal Pokhara
9%
United States Sandusky
9%
Zimbabwe Victoria Falls
9%
Kazakhstan Aktobe
8%
Indonesia Ambon
8%
Japan Hakodate
8%
United States Hershey
8%
Japan Iwo Jima
8%
Zambia Kabwe
8%
Federated States of Micronesia Kolonia
8%
China Kowloon
8%
Vanuatu Luganville
8%
Marshall Islands Majuro Atoll
8%
France Mont Saint-Michel
8%
Malawi Mzuzu
8%
Sweden Östersund
8%
South Africa Prince Edward Islands
8%
Russia Provideniya
8%
United States Santa Claus
8%
Italy Sorrento
8%
San Marino Dogana
6%
Guinea Labé
6%
United States Lihue
6%
United States Molokai
6%
Bahrain Riffa
6%
Libya Sabha
6%
Gambia Serekunda
6%
Namibia Swakopmund
6%
Jordan Zarqa
6%
Philippines Baguio
5%
Algeria Bordj Bou Arréridj
5%
Canada Dartmouth
5%
Morocco Essaouira
5%
Sri Lanka Galle
5%
Democratic Republic of the Congo Kindu
5%
Russia Kirov
5%
United States Lawrence
5%
Bahamas Matthew Town
5%
Guatemala Quetzaltenango
5%
Djibouti Tadjoura
5%
India Taj Mahal
5%
Russia Urup
5%
Antarctica White Island
5%
United States Asbury Park
4%
Central African Republic Bambari
4%
Malaysia Bintulu
4%
Australia Broome
4%
Ecuador Fernandina Island
4%
Saudi Arabia Jazan
4%
Papua New Guinea Kavieng
4%
Sudan Kosti
4%
United States McGrath
4%
India Panaji
4%
Trinidad and Tobago Rio Claro
4%
Cape Verde São Filipe
4%
New Zealand Atafu
3%
Senegal Bignona
3%
Turkey Çeşme
3%
Ivory Coast Divo
3%
Benin Djougou
3%
Russia Dudinka
3%
Liberia Gbarnga
3%
Solomon Islands Gizo
3%
Falkland Islands Goose Green
3%
Canada Grand Falls-Windsor
3%
Barbados Holetown
3%
French Southern and Antarctic Lands Îles Crozet
3%
Ethiopia Jimma
3%
Gabon Kango
3%
Mauritania Kiffa
3%
Burkina Faso Koudougou
3%
Nicaragua Matagalpa
3%
Brunei Muara
3%
Turkey Myra
3%
Russia Onekotan
3%
United States Waipahu
3%
Guadeloupe Baie-Mahault
1%
Antigua and Barbuda Cedar Grove
1%
Japan Chichijima Island
1%
Panama Coco Solo
1%
Canada Echo Bay
1%
Canada Forty Mile
1%
Portugal Lajes Do Pico
1%
Martinique Le Vauclin
1%
Mauritius Mahebourg
1%
Somalia Merca
1%
India Mussoorie
1%
El Salvador Santa Tecla
1%
Madagascar Taolagnaro
1%
Hungary Székesfehérvár
0%
Uzbekistan Zarafshan
0%
No matching quizzes found
Score Distribution
Percent of People with Each Score
Percentile by Number Answered
Your Score History
You have not taken this quiz